[Event "Revanche"]
[Site "http://www.queenalice.com/game.php?id=699021"]
[Date "2009.12.16"]
[Round "-"]
[White "dooor"]
[Black "mauriciofs"]
[Result "1-0"]
[WhiteElo "1273"]
[BlackElo "1542"]

1. e4 c6 2. Qh5 Nf6 3. Qf3 d5 4. e5 Bg4 5. Qg3 Nbd7 6. exf6 Nxf6 7. h3 Ne4 8.
Qxg4 e6 9. d3 Nf6 10. Qa4 b5 11. Qd4 Qa5+ 12. Bd2 Qb6 13. Qc3 Bd6 14. Bg5 Bc5
15. Bxf6 Bxf2+ 16. Kd1 gxf6 17. Qxf6 Kd7 18. Qxf7+ Kd6 19. Ne2 Qa5 20. Qxf2 Rhf8
21. Nf4 Qb4 22. Qg3 Rxf4 23. c3 Qa4+ 24. b3 Qa5 25. Qxf4+ Kd7 26. b4 Qb6 27.
Qf7+ Kd6 28. g4 Qc7 29. Qf4+ Kd7 30. Qxc7+ Kxc7 31. Bg2 Rd8 32. Re1 d4 33. Rxe6
dxc3 34. Rxc6+ 1-0

[Event "Challenge"]
[Site "http://www.queenalice.com/game.php?id=699050"]
[Date "2009.12.16"]
[Round "-"]
[White "montelo"]
[Black "mauriciofs"]
[Result "0-1"]
[WhiteElo "2098"]
[BlackElo "1484"]

1. e4 c6 2. Nf3 Nf6 3. Nc3 d5 4. e5 Ng4 5. Ng5 Nxe5 6. Qe2 f6 7. g3 Bg4 8. Qe3
Qb6 9. d4 Ned7 10. Nf3 Bf5 11. Bd3 g6 12. Bd2 Qxb2 13. O-O Bh3 14. Rfb1 Qa3 15.
Rb3 Qd6 16. Rxb7 Na6 17. Bxa6 Rb8 18. Qd3 Bf5 19. Qe2 Qe6 20. Qd1 c5 21. Rxa7
cxd4 22. Nxd4 Qe5 23. Nc6 Qd6 24. Nxb8 Nxb8 25. Bb5+ Bd7 26. Rb1 Qc5 27. Ra5 Nc6
28. Ra8+ Kf7 29. Qe2 Nd4 30. Qd3 Bf5 31. Be8+ Kg7 32. Qa6 Nf3+ 33. Kg2 Nxd2 34.
Na4 Be4+ 35. Kg1 Qxc2 36. Rab8 Nxb1 37. Rb2 Qd1+ 38. Qf1 Qd3 39. Rb3 Qxb3 40.
axb3 Nd2 41. Qd1 Nf3+ 42. Kg2 Ng5+ 43. f3 Bxf3+ 44. Qxf3 Nxf3 45. Kxf3 e6 46.
Bd7 e5 47. Nb6 e4+ 48. Ke2 d4 49. Nd5 d3+ 50. Ke3 Bb4 51. Nxb4 Rd8 52. Bc6 d2
53. Nd3 d1=Q 54. Kxe4 Qxd3+ 55. Kf4 Qd6+ 56. Kg4 Qxc6 57. Kh3 Rd1 58. b4 Qe4 59.
b5 Rg1 60. b6 f5 61. g4 Rxg4 62. b7 Qg2# 0-1

[Event "AUTO-INT-1564"]
[Site "http://www.queenalice.com/game.php?id=706006"]
[Date "2009.12.30"]
[Round "1"]
[White "H_U_G_O"]
[Black "mauriciofs"]
[Result "1-0"]
[WhiteElo "1440"]
[BlackElo "1453"]

1. e3 e5 2. Nf3 Nc6 3. Bb5 d6 4. Bxc6+ bxc6 5. Ng1 Nf6 6. b3 Rb8 7. Qf3 Rb6 8.
Nc3 Bg4 9. Qg3 Rb4 10. f3 Bh5 11. a3 Rb5 12. Nxb5 cxb5 13. Qf2 Qa8 14. Qe2 Qd5
15. Nh3 e4 16. Nf4 Qe5 17. d4 Qg5 18. g4 exf3 19. Qxf3 Bxg4 20. Qc6+ Nd7 21. e4
Bf3 22. Nh3 Qh4+ 23. Kd2 Qxh3 24. Kc3 Bxh1+ 25. Kb2 Qxh2 26. Bg5 f6 27. Qa8+ Ke7
28. Qxa7 c6 29. Bc1 Bxe4 30. Kc3 Qxc2+ 31. Kb4 g5 32. Be3 c5+ 33. dxc5 Kf7 34.
Qxd7+ Be7 35. cxd6 Bc6 36. Qxe7+ Kg6 37. Rc1 Qe4+ 38. Qxe4+ Bxe4 39. Kxb5 Rb8+
40. Kc4 Rc8+ 41. Kd4 Bc6 42. a4 Bb7 43. Rxc8 Bxc8 44. Kc5 g4 45. Kc6 Kf7 46. Kc7
Be6 47. d7 Bxd7 48. Kxd7 g3 49. a5 f5 50. a6 f4 51. Bxf4 g2 52. Be3 Kf6 53. a7
Ke5 54. a8=Q 1-0

[Event "AUTO-INT-1564"]
[Site "http://www.queenalice.com/game.php?id=706007"]
[Date "2009.12.30"]
[Round "1"]
[White "mauriciofs"]
[Black "H_U_G_O"]
[Result "0-1"]
[WhiteElo "1474"]
[BlackElo "1422"]

1. e4 Nf6 2. Nc3 c6 3. f3 e5 4. d3 Bb4 5. Qd2 Qa5 6. a3 Bxc3 7. Qxc3 Qc7 8. f4
d6 9. fxe5 dxe5 10. Nf3 Qb6 11. Qxe5+ Be6 12. Ng5 Nbd7 13. Qd6 h6 14. Nxe6 fxe6
15. Qxe6+ Kd8 16. Qf7 Kc7 17. Bf4+ Kd8 18. Qxg7 Re8 19. Qxh6 Qxb2 20. Rc1 Qc3+
21. Kd1 Qxa3 22. Qg5 Qf8 23. e5 Qg8 24. exf6 Qe6 25. Qe5 Nxe5 26. Bg5 Qg4+ 27.
Be2 Qxg5 28. Rf1 Rf8 29. d4 Nd7 30. f7 Qd5 31. g4 Rxf7 32. c3 Rxf1+ 33. Bxf1
Qf3+ 34. Be2 Qh1+ 35. Kd2 Qxh2 36. Rf1 Kc7 37. Rf2 Qh6+ 38. Kd3 Re8 39. Rf3 Qg6+
40. Rf5 Rf8 41. Ke4 a5 42. Kf4 a4 43. Bc4 a3 44. d5 Rxf5+ 45. gxf5 Qh6+ 46. Ke4
Qh4+ 47. Kd3 Ne5+ 48. Ke3 Nxc4+ 49. Kd3 a2 0-1

[Event "AUTO-INT-1564"]
[Site "http://www.queenalice.com/game.php?id=706024"]
[Date "2009.12.30"]
[Round "1"]
[White "FOS2006"]
[Black "mauriciofs"]
[Result "0-1"]
[WhiteElo "1658"]
[BlackElo "1468"]

1. e3 e5 2. Be2 d6 3. c3 Nc6 4. Bb5 Nf6 5. Bxc6+ bxc6 6. Nf3 Rb8 7. d3 Rb5 8.
Qa4 a5 9. c4 Rc5 10. Bd2 Bf5 11. b4 axb4 12. Qxb4 Nd7 13. e4 Bg6 0-1

[Event "AUTO-INT-1564"]
[Site "http://www.queenalice.com/game.php?id=706025"]
[Date "2009.12.30"]
[Round "1"]
[White "mauriciofs"]
[Black "FOS2006"]
[Result "1-0"]
[WhiteElo "1443"]
[BlackElo "1658"]

1. d4 c6 2. Nf3 d6 3. Nc3 e6 4. e3 h6 5. b3 Be7 6. Ba3 Nf6 7. Bd3 d5 8. Nb1 Qa5+
9. b4 Bxb4+ 10. Nfd2 Bxa3 11. c3 Bb2 12. Nb3 Bxc3+ 13. Nxc3 Qxc3+ 14. Ke2 1-0

[Event "Let's Go Go Go"]
[Site "http://www.queenalice.com/game.php?id=710109"]
[Date "2010.1.8"]
[Round "-"]
[White "dooor"]
[Black "mauriciofs"]
[Result "0-1"]
[WhiteElo "1234"]
[BlackElo "1434"]

1. e4 e5 2. Nf3 d6 3. Bb5+ Nc6 4. Nc3 a6 5. Ba4 Nf6 6. Nd5 b5 7. Bb3 Nxe4 8. d3
Nc5 9. Ng5 f6 10. Nf3 e4 11. dxe4 Nxe4 12. Qe2 Bf5 13. Nh4 g6 14. f3 Nd4 15. Qd1
Nxb3 16. axb3 Nc5 17. b4 Na4 18. Qd4 Be7 19. g4 Bxc2 20. g5 O-O 21. gxf6 Bxf6
22. Qd2 Bxh4+ 23. Ke2 Qe8+ 24. Ne3 Bf5 25. Rg1 h6 26. b3 Nb6 27. Kd1 Qc6 28.
Nxf5 Rxf5 29. Rxg6+ Kf8 30. Qxh6+ Ke8 31. Qxh4 Qxf3+ 32. Kc2 Qf2+ 33. Qxf2 Rxf2+
34. Bd2 Nd5 35. Rg8+ Rf8 36. Re1+ Kf7 37. Rg5 c6 38. Rg3 a5 39. Bh6 Nxb4+ 40.
Kd2 Rg8 41. Rf3+ Kg6 42. Re6+ Kh7 43. Rf7+ Kh8 44. Bg5 Rxg5 45. Rxd6 Rg2+ 46.
Kc3 Rxh2 47. Rfd7 Rc2+ 48. Kd4 Rd2+ 49. Kc3 Rc2+ 50. Kd4 Rc8 51. Rf7 Rd2+ 52.
Ke5 Re8+ 53. Kf6 Rxd6+ 54. Kg5 Rg8+ 55. Kh5 Nd5 56. Rf5 Nf6+ 57. Kh6 Ng4+ 58.
Kh5 Rdg6 59. Rf8 Nf6+ 60. Rxf6 Rxf6 61. Kh4 a4 62. bxa4 bxa4 63. Kh5 Kh7 64. Kh4
Rh6# 0-1

[Event "Revanche >:)"]
[Site "http://www.queenalice.com/game.php?id=710805"]
[Date "2010.1.9"]
[Round "-"]
[White "Eski"]
[Black "mauriciofs"]
[Result "0-1"]
[WhiteElo "1116"]
[BlackElo "1525"]

1. e4 Nf6 2. Nc3 e5 3. d3 Nc6 4. h3 d6 5. Be3 Be6 6. Nf3 d5 7. exd5 Bxd5 8. Ng5
h6 9. Nxf7 Kxf7 10. Qf3 Bxf3 11. gxf3 Nd4 12. O-O-O Nxf3 13. Bg2 Nd4 14. Bf3 Qd7
15. Rhg1 Rd8 16. Bd5+ Nxd5 17. Rg3 Ne2+ 18. Kd2 Nxg3 19. Rg1 Nf5 20. Rg4 Bb4 21.
Rc4 b5 0-1

[Event "Senta na bisnaga !"]
[Site "http://www.queenalice.com/game.php?id=712894"]
[Date "2010.1.13"]
[Round "-"]
[White "mauriciofs"]
[Black "Eski"]
[Result "1-0"]
[WhiteElo "1525"]
[BlackElo "1146"]

1. d3 f5 2. Nf3 a6 3. Nc3 b5 4. g3 Bb7 5. Bh3 b4 6. Na4 Bc6 7. b3 g6 8. Qd2 Bh6
9. Qxb4 Bg7 10. Ng5 Bxa1 11. Qc4 Bxh1 12. Qf7# 1-0

[Event "Marginais"]
[Site "http://www.queenalice.com/game.php?id=717962"]
[Date "2010.1.21"]
[Round "1"]
[White "Eski"]
[Black "mauriciofs"]
[Result "0-1"]
[WhiteElo "1206"]
[BlackElo "1492"]

1. Nf3 e6 2. d4 c6 3. e4 Nf6 4. Bg5 h6 5. Bxf6 gxf6 6. Bc4 f5 7. e5 Rg8 8. O-O
b5 9. Bb3 Na6 10. a4 Rb8 11. Qd3 c5 12. axb5 Nb4 13. Qc3 Bb7 14. dxc5 Bxf3 15.
Qxf3 Bxc5 16. c3 Nd5 17. c4 Nc7 18. Nc3 Bd4 19. Nd1 a6 20. Ra3 Qg5 21. Ba4 Bxe5
22. Qh3 Qg4 23. Ne3 Qg5 24. Rd1 Bxb2 25. Rb3 Be5 26. Nc2 Qg4 27. Re1 Qxc4 28.
Ra3 axb5 29. Bb3 Qc3 30. f4 Bd4+ 31. Ne3 Qxe1# 0-1

[Event "Let's Play Chess!"]
[Site "http://www.queenalice.com/game.php?id=736225"]
[Date "2010.2.23"]
[Round "-"]
[White "Xmen"]
[Black "mauriciofs"]
[Result "1-0"]
[WhiteElo "1483"]
[BlackElo "1515"]

1. e4 d6 2. d4 Nf6 3. Nc3 e5 4. Nf3 Bg4 5. dxe5 Bxf3 6. Qxf3 dxe5 7. Bg5 h6 8.
Bxf6 Qxf6 9. Qxf6 gxf6 10. Nd5 Nc6 11. Bb5 a6 12. Nxf6+ Ke7 13. Nd5+ Kd6 14.
O-O-O axb5 15. Nb6+ Nd4 16. Nxa8 Kc6 17. Rd2 Bb4 18. c3 Rxa8 19. Kb1 Bc5 20.
cxd4 exd4 21. Rd3 Re8 22. f3 b4 23. Re1 Bd6 24. g3 1-0